| 000 | 00736nam a2200217 a 4500 | ||
|---|---|---|---|
| 999 |
_c1995 _d1995 |
||
| 003 | BD-DhUAP | ||
| 005 | 20200218154651.0 | ||
| 008 | 200218s1997 nyua 000 0 eng d | ||
| 040 |
_aBD-DhAAL _cBD-DhAAL _dBD-DhUAP _bEng |
||
| 082 | 0 | 0 |
_a363.73392 GLO _223 |
| 245 | 1 | 0 |
_aGlobal environmental management : _bcandid views of fortune 500 companies / _cprepared by Riva Krut and Carol |
| 260 |
_aNew York : _bUSAID, _cc1997. |
||
| 300 |
_avii, 90 pages : _billustrations ; _c29 cm. |
||
| 650 | 0 | _aGlobal Environmental Monitoring System. | |
| 700 | 1 | _aKrut, Riva. | |
| 700 | 1 | _aDrummond, Carol. | |
| 710 | 2 | _aUnited States Asia Environmental Partnership. | |
| 942 |
_2ddc _cBK |
||